Vysoké Tatry Vysoké Tatry z Popradu

Bibliographic Details
Format: Photo
Language:Slovak
German
Hungarian
PhysicalDescription:1 pohľadnica čiernobiela 9x14 cm
Published: Prague JKO [1938]
Subjects:

MARC

LEADER 00000nkm a2200000 a 4500
001 vtls010865786
003 SK-MaSNL
005 20260301134333.0
007 kf bo
008 231214q1938 xo g 00 kuslo
015 |a SNBG 
035 |a F0CE47A7-2E79-46E8-AB4D-BB240B784405 
035 |a urn:nbn:sk:snk-kmy06g 
035 |a urn:nbn:sk:snk-km007bi9 
040 |a SNK  |b slo  |c SNK  |e AACR2 
041 0 |a slo  |a ger  |a hun 
043 |a e-xo--- 
044 |a xo  |c SK 
080 |a 908(437.6)  |2 2001 
080 |a (084.121)  |2 2001 
080 |a (234.372.4)  |2 2011 
080 |a (437.671)  |2 2008 
080 |a 911.2(23.0)  |2 2001 
245 0 0 |a Vysoké Tatry  |h grafika  |b Vysoké Tatry z Popradu 
246 3 1 |a Hohe Tatra  |b Die Hohe Tatra von Poprad aus 
246 3 1 |a Magas Tátra  |b A Magas Tátra Poprádról 
260 |a Prague  |b JKO  |c [1938] 
300 |a 1 pohľadnica  |b čiernobiela  |c 9x14 cm 
546 |a Súbežný názov v nem. a maďar. 
650 0 7 |a pohoria  |2 SNKPH  |9 44054 
651 7 |a Vysoké Tatry (Poľsko a Slovensko : pohorie)  |2 SNKPHgeo  |9 67729 
651 7 |a Poprad (Slovensko)  |2 SNKPH  |9 20155 
655 7 |a miestne pohľadnice  |2 SNKPH  |9 70510 
852 |a Slovenská národná knižnica 
958 |a GC 
958 |a GBN 
958 |a OND 
999 |c 756713  |d 758643 
952 |a SNK  |b SNK  |y PREZ  |7 0  |p 17A0636877  |o snkSP 3889  |3 rekatalogizácia  |0 0  |1 0  |4 0  |d 2009-12-12  |f 1  |l 0  |r 2026-02-23 23:51:53  |w 2026-02-23